Η παραοικονομία στην Ελλάδα και τον κόσμο : η προσέγγιση των βασικών πτυχών του προβλήματος
Αποθηκεύτηκε σε:
| Κύριος συγγραφέας: | |
|---|---|
| Άλλοι συγγραφείς: | |
| Μορφή: | Βιβλίο |
| Γλώσσα: | Greek |
| Δημοσίευση: |
Αθήνα :
Παπαζήσης,
2004.
|
| Θέματα: | |
| Ετικέτες: |
Προσθήκη ετικέτας
Δεν υπάρχουν, Καταχωρήστε ετικέτα πρώτοι!
|
MARC
| LEADER | 00000cam a2200000 a 4500 | ||
|---|---|---|---|
| 001 | 1/119202 | ||
| 008 | 190618t2004####gr | ||| |||| ||gre|| | ||
| 020 | |a 9600217424 |q (χαρτόδετο) | ||
| 040 | |a GR-MyUa |b gre |c GR-MyUa |e AACR2 | ||
| 041 | 0 | |a gre | |
| 082 | 7 | |a 339.4109495 |2 (23) | |
| 100 | 1 | |a Βαβούρας, Ιωάννης Σ., |d 1950- | |
| 245 | 1 | 2 | |a Η παραοικονομία στην Ελλάδα και τον κόσμο : |b η προσέγγιση των βασικών πτυχών του προβλήματος / |c Ιωάννης Α. Βαβούρας και Γιώργος Α. Μανωλάς. |
| 260 | |a Αθήνα : |b Παπαζήσης, |c 2004. | ||
| 300 | |a 153 σ. : |b διαγρ., πίν. ; |c 21 εκ. | ||
| 504 | |a Περιλαμβάνει βιβλιογραφικές παραπομπές. | ||
| 650 | 0 | |a Informal sector (Economics) |z Greece. | |
| 700 | 1 | |a Μανώλας, Γιώργος. | |
| 852 | |a INST |b CHIOS |c TSAMOYRGELIS |e 20190618 |h 339.4109495 ΒΑΒ |p 005200038691 |q 005200038691 |t BK |y 0 | ||
| 970 | |a Σπέντζα |b Ελένη |z 18-06-2019 | ||